000 00414nam a2200145Ia 4500
008 211109s9999||||xx |||||||||||||| ||und||
082 _a894.8123
_bA SU-V
100 _aA Surendran,
245 0 _aVichara Bindhukkal
260 _bSahithya Pravarthaka...
_aKottayam
_c1987
300 _a52p
630 _xGENERAL STACK
650 _aLiterature
_vMalayalam Literature
_xMalayalam NovelStoryMalayalam
942 _cBOOK
999 _c38759
_d38759